Greenlight - Tate McRae Lyrics - Statistics

General Stats
  • This quiz has been taken 47 times
  • The average score is 241 of 322
Answer Stats
Answer % Correct
green
91%
I
91%
you
91%
a
89%
light
89%
me
89%
so
89%
the
89%
waiitin'
86%
waitin'
86%
at
83%
go
83%
I'm
83%
still
83%
when
83%
be
80%
chains
80%
to
80%
Two
80%
can't
77%
it
77%
kiss
77%
of
77%
on
77%
song
77%
thought
77%
what
77%
and
74%
but
74%
in
74%
same
74%
tried
74%
tryna
74%
up
74%
your
74%
ever
71%
feel
71%
hangin'
71%
he
71%
history
71%
know
71%
make
71%
strange
71%
stuck
71%
tell
71%
wanted
71%
don't
69%
everythin'
69%
like
69%
over
69%
was
69%
bullet
66%
honest
66%
it's
66%
never
66%
rewrite
66%
aids
63%
band
63%
been
63%
chest
63%
get
63%
guess
63%
if
63%
off
63%
told
63%
truthfully
63%
with
63%
holes
60%
maybe
60%
our
60%
right
60%
wasn't
60%
we'd
60%
beeline
57%
healed
57%
here
57%
just
54%
let
54%
oh
54%
I'll
51%
midnight
51%
PCH
51%
shit
51%
unhear
51%
lie
49%
twenty
49%
most
46%
one
46%
alive
43%
think
43%
who'd've
43%
babe
31%
I'd
31%
No matching quizzes found
Score Distribution
Percent of People with Each Score
Percentile by Number Answered
Your Score History
You have not taken this quiz